[Event "Michigan Class B"]
[Site "Auburn Hills"]
[Date "2005.01.15"]
[Round "2.3"]
[White "Turner, Darrell"]
[Black "Anderson, Neal"]
[Result "0-1"]
[WhiteElo "1768"]
[BlackElo "1633"]
[PlyCount "81"]
[EventDate "2005.01.15"]
[EventType "swiss"]
[EventRounds "5"]
[EventCountry "USA"]
[SourceTitle "EXT 2006"]
[Source "ChessBase"]
[SourceDate "2005.11.24"]
[SourceVersion "1"]
[SourceVersionDate "2005.11.24"]
[SourceQuality "1"]

1. e4 c5 2. Nf3 d6 3. d4 cxd4 4. Nxd4 Nf6 5. Nc3 a6 6. Bg5 e6 7. Be2 Be7 8. Qd2 Nbd7 9. 0-0 h6 10. Bh4 0-0 11. Nf3 b5 12. Bg3 b4 13. Nd1 Nxe4 14. Qxb4 d5 15. Qe1 Qb6 16. Bd3 Ndf6 17. Be5 Bb7 18. Nd4 Ng4 19. Nf3 Bc5 20. h3 Nxe5 21. Nxe5 Qc7 22. Bxe4 dxe4 23. Ng4 Qb6 24. Qc3 Rac8 25. Qb3 Qc7 26. Nge3 Rfd8 27. Rc1 Rd2 28. c4 Rcd8 29. Rc2 Bxe3 30. Nxe3 R2d3 31. Qb4 R3d4 32. Qa3 a5 33. c5 Bc6 34. b3 f5 35. Qc1 f4 36. Nc4 Rd3 37. Nd6 e3 38. fxe3 fxe3 39. Rf7 Qxf7 40. Nxf7 Rd1+ 41. Qxd1 0-1